00940nam a2200265Ia 4500008004100000050001600041050001800057100003000075245010200105245005200207250001600259260001300275260002800288260000900316300001700325300002000342300001100362440000800373650004300381650005500424650002100479650003800500999001900538952011700557160404s9999 xx 000 0 und d aFIL HF 5626 b.E93 2003 v.3 aEvangelista, Rosalinda D. 2aA Guide to the use of the statement of financial accounting standards (SFAS) of the Philippines / cRosalinda D. Evangelista, Abelardo T. Domondon. a2nd Edition aManila : bGIC Enterprises,. Inc., c2003 aB-86 pages : billustrations ; c22 cm. vv.3 aAccounting -- Standards - Philippines. aFinancial statements -- Standards -- Philippines.  xFinancial guide. xFinancial reports -- Philippines. c293232d293232 001040aSMCbSMCcFILd0000-00-00l0oFIL HF 5626 .E93 2003 v.3pSMC00186r2016-04-04 00:00:00w2016-04-04yBK